All World Capitals by Capitals between 2 Capitals within 2,000 km - Statistics

General Stats
  • This quiz has been taken 26 times
  • The average score is 101 of 179
Answer Stats
# c Combinations CAPITAL % Correct
708 Algiers-Amman, Algiers-Amsterdam, Algiers-Ankara, Algiers-Athens, Algiers-Beirut, Algiers-Berlin, Al.. Belgrade
100%
644 Algiers-Amsterdam, Algiers-Ankara, Algiers-Athens, Algiers-Belgrade, Algiers-Berlin, Algiers-Buchare.. Bratislava
100%
617 Algiers-Ankara, Algiers-Athens, Algiers-Berlin, Algiers-Bucharest, Algiers-Chisinau, Algiers-Copenha.. Budapest
100%
651 Algiers-Amsterdam, Algiers-Ankara, Algiers-Athens, Algiers-Belgrade, Algiers-Berlin, Algiers-Bratisl.. Ljubljana
100%
309 Amsterdam-Ankara, Amsterdam-Athens, Amsterdam-Bucharest, Amsterdam-Chisinau, Amsterdam-Kiev, Amsterd.. Minsk
100%
629 Algiers-Amman, Algiers-Amsterdam, Algiers-Ankara, Algiers-Athens, Algiers-Beirut, Algiers-Belgrade, .. Podgorica
100%
696 Algiers-Amsterdam, Algiers-Ankara, Algiers-Athens, Algiers-Beirut, Algiers-Belgrade, Algiers-Berlin,.. Sarajevo
100%
620 Algiers-Amsterdam, Algiers-Ankara, Algiers-Athens, Algiers-Belgrade, Algiers-Berlin, Algiers-Bratisl.. Vienna
100%
282 Amsterdam-Ankara, Amsterdam-Athens, Amsterdam-Belgrade, Amsterdam-Bucharest, Amsterdam-Chisinau, Ams.. Vilnius
100%
663 Algiers-Amsterdam, Algiers-Ankara, Algiers-Athens, Algiers-Belgrade, Algiers-Berlin, Algiers-Bratisl.. Zagreb
100%
486 Algiers-Bucharest, Algiers-Chisinau, Algiers-Copenhagen, Algiers-Dublin, Algiers-Helsinki, Algiers-K.. Berlin
95%
525 Algiers-Amsterdam, Algiers-Athens, Algiers-Belgrade, Algiers-Berlin, Algiers-Bratislava, Algiers-Bru.. Bern
95%
375 Algiers-Amsterdam, Algiers-Belgrade, Algiers-Berlin, Algiers-Bratislava, Algiers-Bucharest, Algiers-.. Brussels
95%
596 Algiers-Amsterdam, Algiers-Ankara, Algiers-Athens, Algiers-Berlin, Algiers-Bucharest, Algiers-Budape.. Prague
95%
690 Algiers-Amman, Algiers-Amsterdam, Algiers-Ankara, Algiers-Athens, Algiers-Beirut, Algiers-Belgrade, .. Pristina
95%
620 Algiers-Amman, Algiers-Amsterdam, Algiers-Ankara, Algiers-Athens, Algiers-Beirut, Algiers-Belgrade, .. Skopje
95%
501 Algiers-Amman, Algiers-Amsterdam, Algiers-Ankara, Algiers-Athens, Algiers-Beirut, Algiers-Belgrade, .. Tirana
95%
435 Amsterdam-Ankara, Amsterdam-Athens, Amsterdam-Belgrade, Amsterdam-Bucharest, Amsterdam-Budapest, Ams.. Warsaw
95%
594 Amman-Amsterdam, Amman-Andorra la Vella, Amman-Belgrade, Amman-Berlin, Amman-Bern, Amman-Bratislava,.. Bucharest
90%
468 Algiers-Amsterdam, Algiers-Belgrade, Algiers-Berlin, Algiers-Bratislava, Algiers-Brussels, Algiers-B.. Luxembourg
90%
442 Algiers-Amsterdam, Algiers-Athens, Algiers-Belgrade, Algiers-Berlin, Algiers-Bern, Algiers-Bratislav.. Monaco
90%
222 Amsterdam-Ankara, Amsterdam-Belgrade, Amsterdam-Bucharest, Amsterdam-Chisinau, Amsterdam-Helsinki, A.. Riga
90%
623 Algiers-Amman, Algiers-Ankara, Algiers-Beirut, Algiers-Berlin, Algiers-Bucharest, Algiers-Cairo, Alg.. Sofia
90%
549 Algiers-Amsterdam, Algiers-Athens, Algiers-Belgrade, Algiers-Berlin, Algiers-Bratislava, Algiers-Bru.. Vaduz
90%
335 Algiers-Berlin, Algiers-Bucharest, Algiers-Budapest, Algiers-Chisinau, Algiers-Copenhagen, Algiers-D.. Amsterdam
85%
304 Amsterdam-Belgrade, Amsterdam-Bratislava, Amsterdam-Bucharest, Amsterdam-Budapest, Amsterdam-Chisina.. Copenhagen
85%
387 Amsterdam-Ankara, Amsterdam-Athens, Amsterdam-Baku, Amsterdam-Beirut, Amsterdam-Bucharest, Amsterdam.. Kiev
85%
138 Amsterdam-Helsinki, Amsterdam-Kiev, Amsterdam-Minsk, Amsterdam-Moscow, Amsterdam-Reykjavik, Amsterda.. Oslo
85%
99 Amsterdam-Bucharest, Amsterdam-Chisinau, Amsterdam-Helsinki, Amsterdam-Kiev, Amsterdam-Minsk, Amster.. Tallinn
85%
253 Algiers-Ankara, Algiers-Athens, Algiers-Beirut, Algiers-Belgrade, Algiers-Berlin, Algiers-Bratislava.. Valletta
85%
479 Algiers-Amsterdam, Algiers-Ankara, Algiers-Athens, Algiers-Belgrade, Algiers-Berlin, Algiers-Bern, A.. Vatican City
85%
233 Algiers-Amsterdam, Algiers-Belgrade, Algiers-Berlin, Algiers-Bern, Algiers-Bratislava, Algiers-Bruss.. Andorra la Vella
80%
572 Amman-Amsterdam, Amman-Belgrade, Amman-Berlin, Amman-Bern, Amman-Bratislava, Amman-Brussels, Amman-B.. Chisinau
80%
86 Abu Dhabi-Amman, Abu Dhabi-Asmara, Abu Dhabi-Baghdad, Abu Dhabi-Baku, Abu Dhabi-Beirut, Abu Dhabi-Da.. Doha
80%
117 Abu Dhabi-Amman, Abu Dhabi-Ankara, Abu Dhabi-Ashgabat, Abu Dhabi-Asmara, Abu Dhabi-Baghdad, Abu Dhab.. Kuwait City
80%
89 Brazzaville-Dodoma, Brazzaville-Gaborone, Brazzaville-Harare, Brazzaville-Kampala, Brazzaville-Lilon.. Lusaka
80%
102 Abu Dhabi-Amman, Abu Dhabi-Ashgabat, Abu Dhabi-Asmara, Abu Dhabi-Baghdad, Abu Dhabi-Baku, Abu Dhabi-.. Manama
80%
483 Algiers-Amsterdam, Algiers-Ankara, Algiers-Athens, Algiers-Belgrade, Algiers-Berlin, Algiers-Bern, A.. Rome
80%
575 Algiers-Amsterdam, Algiers-Ankara, Algiers-Athens, Algiers-Belgrade, Algiers-Berlin, Algiers-Bern, A.. San Marino
80%
172 Amsterdam-Bucharest, Amsterdam-Chisinau, Amsterdam-Helsinki, Amsterdam-Kiev, Amsterdam-Minsk, Amster.. Stockholm
80%
124 Abu Dhabi-Amman, Abu Dhabi-Ankara, Abu Dhabi-Ashgabat, Abu Dhabi-Athens, Abu Dhabi-Baku, Abu Dhabi-B.. Baghdad
75%
55 Amsterdam-Bucharest, Amsterdam-Chisinau, Amsterdam-Kiev, Amsterdam-Minsk, Amsterdam-Moscow, Belgrade.. Helsinki
75%
356 Algiers-Amsterdam, Algiers-Belgrade, Algiers-Berlin, Algiers-Bratislava, Algiers-Brussels, Algiers-B.. Paris
75%
134 Abu Dhabi-Addis Ababa, Abu Dhabi-Amman, Abu Dhabi-Asmara, Abu Dhabi-Baghdad, Abu Dhabi-Baku, Abu Dha.. Riyadh
75%
171 Abu Dhabi-Amman, Abu Dhabi-Ankara, Abu Dhabi-Athens, Abu Dhabi-Beirut, Abu Dhabi-Bucharest, Abu Dhab.. Yerevan
75%
16 Bangkok-Dili, Bangkok-Jakarta, Bangkok-Manila, Dili-Jakarta, Dili-Kuala Lumpur, Dili-Manila, Dili-Ph.. Bandar Seri Begawan
70%
60 Addis Ababa-Amman, Addis Ababa-Bangui, Addis Ababa-Cairo, Addis Ababa-Jerusalem, Addis Ababa-N'Djame.. Khartoum
70%
235 Algiers-Amsterdam, Algiers-Belgrade, Algiers-Berlin, Algiers-Bratislava, Algiers-Budapest, Algiers-C.. London
70%
84 Abuja-Bamako, Abuja-Banjul, Abuja-Bissau, Abuja-Conakry, Abuja-Dakar, Abuja-Freetown, Abuja-Monrovia.. Yamoussoukro
70%
47 Amman-Ashgabat, Amman-Djibouti, Amman-Kabul, Amman-Muscat, Amman-Sana'a, Ashgabat-Asmara, Ashgabat-D.. Abu Dhabi
65%
374 Amman-Athens, Amman-Baku, Amman-Belgrade, Amman-Bratislava, Amman-Bucharest, Amman-Budapest, Amman-C.. Ankara
65%
128 Abu Dhabi-Amman, Abu Dhabi-Ankara, Abu Dhabi-Beirut, Abu Dhabi-Chisinau, Abu Dhabi-Damascus, Abu Dha.. Baku
65%
60 Abuja-Banjul, Abuja-Bissau, Abuja-Conakry, Abuja-Dakar, Abuja-Freetown, Abuja-Monrovia, Abuja-Nouakc.. Bamako
65%
36 Accra-Banjul, Accra-Dakar, Accra-Nouakchott, Accra-Praia, Bamako-Banjul, Bamako-Dakar, Bamako-Nouakc.. Bissau
65%
47 Accra-Banjul, Accra-Bissau, Accra-Dakar, Accra-Nouakchott, Accra-Praia, Bamako-Banjul, Bamako-Bissau.. Conakry
65%
66 Addis Ababa-Bangui, Addis Ababa-Brazzaville, Addis Ababa-Bujumbura, Addis Ababa-Dodoma, Addis Ababa-.. Kigali
65%
123 Basseterre-Belmopan, Basseterre-Bogota, Basseterre-Guatemala City, Basseterre-Havana, Basseterre-Man.. Kingston
65%
92 Algiers-Amsterdam, Algiers-Berlin, Algiers-Bern, Algiers-Brussels, Algiers-Dublin, Algiers-Lisbon, A.. Madrid
65%
44 Accra-Banjul, Accra-Bissau, Accra-Conakry, Accra-Dakar, Accra-Freetown, Accra-Nouakchott, Accra-Prai.. Monrovia
65%
44 Antananarivo-Bujumbura, Antananarivo-Dodoma, Antananarivo-Harare, Antananarivo-Kampala, Antananarivo.. Moroni
65%
89 Abuja-Bamako, Abuja-Banjul, Abuja-Bissau, Abuja-Conakry, Abuja-Dakar, Abuja-Freetown, Abuja-Monrovia.. Ouagadougou
65%
118 Basseterre-Belmopan, Basseterre-Bogota, Basseterre-Guatemala City, Basseterre-Havana, Basseterre-Kin.. Port-au-Prince
65%
52 Basseterre-Bogota, Basseterre-Bridgetown, Basseterre-Caracas, Basseterre-Castries, Basseterre-George.. Roseau
65%
101 Basseterre-Belmopan, Basseterre-Bogota, Basseterre-Havana, Basseterre-Kingston, Basseterre-Managua, .. Santo Domingo
65%
141 Amman-Ashgabat, Amman-Baku, Amman-Bucharest, Amman-Chisinau, Amman-Kiev, Amman-Minsk, Amman-Moscow, .. Tbilisi
65%
201 Algiers-Athens, Algiers-Belgrade, Algiers-Berlin, Algiers-Bern, Algiers-Bratislava, Algiers-Buchares.. Tunis
65%
135 Amsterdam-Athens, Amsterdam-Lisbon, Amsterdam-Rabat, Amsterdam-Tripoli, Amsterdam-Tunis, Amsterdam-V.. Algiers
60%
192 Abu Dhabi-Ankara, Abu Dhabi-Athens, Abu Dhabi-Beirut, Abu Dhabi-Belgrade, Abu Dhabi-Bucharest, Abu D.. Amman
60%
70 Abu Dhabi-Addis Ababa, Abu Dhabi-Amman, Abu Dhabi-Cairo, Abu Dhabi-Jerusalem, Abu Dhabi-Juba, Abu Dh.. Asmara
60%
7 Brasilia-Buenos Aires, Brasilia-Montevideo, Brasilia-Santiago, Brasilia-Sucre, Buenos Aires-Sucre, M.. Asuncion
60%
383 Algiers-Amman, Algiers-Ankara, Algiers-Baghdad, Algiers-Beirut, Algiers-Berlin, Algiers-Bucharest, A.. Athens
60%
198 Amman-Ankara, Amman-Athens, Amman-Baku, Amman-Belgrade, Amman-Bucharest, Amman-Chisinau, Amman-Kiev,.. Beirut
60%
98 Basseterre-Lima, Basseterre-Managua, Basseterre-Panama, Basseterre-Quito, Basseterre-San Jose, Basse.. Bogota
60%
184 Amman-Ankara, Amman-Athens, Amman-Baghdad, Amman-Baku, Amman-Beirut, Amman-Belgrade, Amman-Bucharest.. Damascus
60%
76 Algiers-Copenhagen, Algiers-Oslo, Algiers-Reykjavik, Algiers-Riga, Algiers-Stockholm, Algiers-Warsaw.. Dublin
60%
37 Ashgabat-Astana, Ashgabat-Bishkek, Ashgabat-Islamabad, Ashgabat-Kabul, Ashgabat-Kathmandu, Ashgabat-.. Dushanbe
60%
47 Accra-Banjul, Accra-Bissau, Accra-Conakry, Accra-Dakar, Accra-Nouakchott, Accra-Praia, Bamako-Banjul.. Freetown
60%
15 Harare-Maseru, Harare-Mbabane, Harare-Pretoria, Harare-Windhoek, Lilongwe-Maseru, Lilongwe-Windhoek,.. Gaborone
60%
194 Amman-Asmara, Amman-Athens, Amman-Belgrade, Amman-Bucharest, Amman-Cairo, Amman-Chisinau, Amman-Khar.. Jerusalem
60%
74 Addis Ababa-Bangui, Addis Ababa-Brazzaville, Addis Ababa-Bujumbura, Addis Ababa-Dodoma, Addis Ababa-.. Kampala
60%
49 Belmopan-Bogota, Belmopan-Kingston, Belmopan-Panama, Belmopan-Port-au-Prince, Belmopan-Quito, Belmop.. Managua
60%
68 Belmopan-Bogota, Belmopan-Caracas, Belmopan-Port-au-Prince, Belmopan-Port-of-Spain, Belmopan-Quito, .. Panama
60%
86 Abuja-Accra, Abuja-Bamako, Abuja-Conakry, Abuja-Freetown, Abuja-Lome, Abuja-Monrovia, Abuja-Ouagadou.. Porto-Novo
60%
36 Belmopan-Bogota, Belmopan-Managua, Belmopan-Panama, Belmopan-Quito, Belmopan-San Jose, Bogota-Guatem.. San Salvador
60%
140 Abu Dhabi-Amman, Abu Dhabi-Ankara, Abu Dhabi-Ashgabat, Abu Dhabi-Baghdad, Abu Dhabi-Baku, Abu Dhabi-.. Tehran
60%
106 Algiers-Ankara, Algiers-Athens, Algiers-Belgrade, Algiers-Bucharest, Algiers-Budapest, Algiers-Cairo.. Tripoli
60%
29 Bandar Seri Begawan-Dhaka, Bandar Seri Begawan-Hanoi, Bandar Seri Begawan-Naypyidaw, Bandar Seri Beg.. Vientiane
60%
15 Dodoma-Maputo, Dodoma-Mbabane, Dodoma-Port Louis, Dodoma-Victoria, Harare-Port Louis, Harare-Victori.. Antananarivo
55%
43 Bogota-Nassau, Bogota-Paramaribo, Bogota-Saint John's, Bridgetown-Kingston, Bridgetown-Nassau, Bridg.. Basseterre
55%
28 Guatemala City-Havana, Guatemala City-Kingston, Guatemala City-Nassau, Guatemala City-Port-au-Prince.. Belmopan
55%
65 Addis Ababa-Bangui, Addis Ababa-Brazzaville, Addis Ababa-Harare, Addis Ababa-Kinshasa, Addis Ababa-L.. Bujumbura
55%
88 Basseterre-Bogota, Basseterre-Georgetown, Basseterre-Kingston, Basseterre-Panama, Basseterre-Paramar.. Caracas
55%
48 Basseterre-Bogota, Basseterre-Bridgetown, Basseterre-Caracas, Basseterre-Georgetown, Basseterre-King.. Castries
55%
40 Belmopan-Kingston, Belmopan-Nassau, Belmopan-Port-au-Prince, Belmopan-Santo Domingo, Belmopan-Washin.. Havana
55%
50 Basseterre-Bogota, Basseterre-Bridgetown, Basseterre-Caracas, Basseterre-Georgetown, Basseterre-Para.. Kingstown
55%
94 Abuja-Accra, Abuja-Bamako, Abuja-Bissau, Abuja-Conakry, Abuja-Freetown, Abuja-Monrovia, Abuja-Ouagad.. Lome
55%
23 Bandar Seri Begawan-Bangkok, Bandar Seri Begawan-Hanoi, Bandar Seri Begawan-Kuala Lumpur, Bandar Ser.. Phnom Penh
55%
44 Basseterre-Bridgetown, Basseterre-Castries, Basseterre-Georgetown, Basseterre-Kingstown, Basseterre-.. Saint John's
55%
54 Belmopan-Bogota, Belmopan-Caracas, Belmopan-Kingston, Belmopan-Panama, Belmopan-Port-au-Prince, Belm.. San Jose
55%
23 Ashgabat-Astana, Ashgabat-Bishkek, Ashgabat-Islamabad, Ashgabat-Kabul, Ashgabat-New Delhi, Astana-Ba.. Tashkent
55%
53 Belmopan-Bogota, Belmopan-Kingston, Belmopan-Managua, Belmopan-Panama, Belmopan-Port-au-Prince, Belm.. Tegucigalpa
55%
25 Accra-Dakar, Accra-Nouakchott, Accra-Praia, Bamako-Dakar, Bamako-Nouakchott, Bamako-Praia, Bissau-Da.. Banjul
50%
56 Abuja-Bujumbura, Abuja-Kampala, Abuja-Kigali, Abuja-Kinshasa, Abuja-Luanda, Abuja-Lusaka, Bangui-Kin.. Brazzaville
50%
19 Belmopan-Managua, Belmopan-Mexico City, Belmopan-Panama, Belmopan-San Jose, Belmopan-San Salvador, B.. Guatemala City
50%
56 Antananarivo-Bujumbura, Antananarivo-Dodoma, Antananarivo-Gaborone, Antananarivo-Kigali, Antananariv.. Harare
50%
49 Abu Dhabi-Astana, Abu Dhabi-Bishkek, Abu Dhabi-Dushanbe, Abu Dhabi-Islamabad, Abu Dhabi-Kathmandu, A.. Kabul
50%
57 Antananarivo-Bujumbura, Antananarivo-Dodoma, Antananarivo-Gaborone, Antananarivo-Harare, Antananariv.. Lilongwe
50%
17 Antananarivo-Gaborone, Antananarivo-Lusaka, Antananarivo-Maseru, Antananarivo-Pretoria, Antananarivo.. Mbabane
50%
273 Amman-Ankara, Amman-Athens, Amman-Belgrade, Amman-Bratislava, Amman-Bucharest, Amman-Budapest, Amman.. Nicosia
50%
7 Beijing-Seoul, Beijing-Taipei, Beijing-Tokyo, Seoul-Ulaanbaatar, Taipei-Tokyo, Taipei-Ulaanbaatar, T.. Pyongyang
50%
58 Basseterre-Bogota, Basseterre-Caracas, Basseterre-Georgetown, Basseterre-Panama, Basseterre-Paramari.. Saint George's
50%
8 Asuncion-Lima, Brasilia-Buenos Aires, Brasilia-Lima, Brasilia-Montevideo, Brasilia-Santiago, Buenos .. Sucre
50%
41 Asmara-Bujumbura, Asmara-Dodoma, Asmara-Juba, Asmara-Kampala, Asmara-Kigali, Asmara-Mogadishu, Asmar.. Addis Ababa
45%
82 Abu Dhabi-Astana, Abu Dhabi-Baku, Abu Dhabi-Bishkek, Abu Dhabi-Dushanbe, Abu Dhabi-Islamabad, Abu Dh.. Ashgabat
45%
22 Bandar Seri Begawan-Dhaka, Bandar Seri Begawan-Hanoi, Bandar Seri Begawan-Naypyidaw, Bandar Seri Beg.. Bangkok
45%
73 Abuja-Brazzaville, Abuja-Bujumbura, Abuja-Juba, Abuja-Kampala, Abuja-Khartoum, Abuja-Kigali, Abuja-K.. Bangui
45%
11 Ashgabat-Astana, Ashgabat-Kathmandu, Ashgabat-New Delhi, Astana-Dushanbe, Astana-Islamabad, Astana-K.. Bishkek
45%
50 Addis Ababa-Bangui, Addis Ababa-Bujumbura, Addis Ababa-Dodoma, Addis Ababa-Kampala, Addis Ababa-Kiga.. Juba
45%
54 Abuja-Bangui, Abuja-Brazzaville, Abuja-Kinshasa, Abuja-Luanda, Accra-Bangui, Accra-Brazzaville, Accr.. Libreville
45%
22 Antananarivo-Gaborone, Antananarivo-Harare, Antananarivo-Lusaka, Antananarivo-Maseru, Antananarivo-M.. Maputo
45%
53 Addis Ababa-Bujumbura, Addis Ababa-Dodoma, Addis Ababa-Harare, Addis Ababa-Kampala, Addis Ababa-Kiga.. Nairobi
45%
50 Basseterre-Bogota, Basseterre-Caracas, Basseterre-Georgetown, Basseterre-Panama, Basseterre-Paramari.. Port-of-Spain
45%
18 Gaborone-Lilongwe, Gaborone-Maputo, Gaborone-Maseru, Gaborone-Mbabane, Harare-Maseru, Harare-Mbabane.. Pretoria
45%
53 Abuja-Brazzaville, Abuja-Kinshasa, Abuja-Libreville, Abuja-Luanda, Accra-Bangui, Accra-Brazzaville, .. Sao Tome
45%
7 Beijing-Taipei, Beijing-Tokyo, Pyongyang-Taipei, Pyongyang-Tokyo, Taipei-Tokyo, Taipei-Ulaanbaatar, .. Seoul
45%
15 Bangkok-Islamabad, Bangkok-Kathmandu, Bangkok-New Delhi, Dhaka-Islamabad, Dhaka-Kathmandu, Dhaka-New.. Thimphu
45%
55 Abuja-Bangui, Abuja-Brazzaville, Abuja-Kinshasa, Abuja-Libreville, Abuja-Luanda, Abuja-Sao Tome, Acc.. Yaounde
45%
62 Accra-Bangui, Accra-Brazzaville, Accra-Kinshasa, Accra-Libreville, Accra-Malabo, Accra-N'Djamena, Ac.. Abuja
40%
74 Abuja-Bamako, Abuja-Banjul, Abuja-Bissau, Abuja-Conakry, Abuja-Freetown, Abuja-Monrovia, Abuja-Ouaga.. Accra
40%
31 Basseterre-Bogota, Basseterre-Caracas, Basseterre-Georgetown, Basseterre-Paramaribo, Basseterre-Port.. Bridgetown
40%
4 Asuncion-Montevideo, Asuncion-Santiago, Montevideo-Santiago, Montevideo-Sucre Buenos Aires
40%
167 Amman-Asmara, Amman-Athens, Amman-Belgrade, Amman-Khartoum, Amman-Podgorica, Amman-Pristina, Amman-S.. Cairo
40%
38 Abu Dhabi-Addis Ababa, Abu Dhabi-Asmara, Abu Dhabi-Juba, Abu Dhabi-Kampala, Abu Dhabi-Khartoum, Abu .. Djibouti
40%
45 Addis Ababa-Antananarivo, Addis Ababa-Bujumbura, Addis Ababa-Harare, Addis Ababa-Lilongwe, Addis Aba.. Dodoma
40%
15 Apia-Majuro, Apia-Port-Vila, Apia-Suva, Apia-Tarawa, Apia-Yaren, Majuro-Nuku'alofa, Majuro-Port-Vila.. Funafuti
40%
32 Ashgabat-Bishkek, Ashgabat-Kathmandu, Ashgabat-New Delhi, Ashgabat-Thimphu, Astana-Kathmandu, Astana.. Islamabad
40%
15 Bishkek-Dhaka, Bishkek-Naypyidaw, Bishkek-Thimphu, Dhaka-Dushanbe, Dhaka-Islamabad, Dhaka-Kabul, Dha.. Kathmandu
40%
63 Abuja-Bangui, Abuja-Brazzaville, Abuja-Kinshasa, Abuja-Libreville, Abuja-Luanda, Abuja-Sao Tome, Abu.. Malabo
40%
36 Addis Ababa-Dodoma, Addis Ababa-Moroni, Addis Ababa-Nairobi, Addis Ababa-Victoria, Asmara-Bujumbura,.. Mogadishu
40%
36 Abu Dhabi-Dushanbe, Abu Dhabi-Islamabad, Abu Dhabi-Kabul, Abu Dhabi-New Delhi, Ashgabat-New Delhi, A.. Muscat
40%
53 Abuja-Accra, Abuja-Bamako, Abuja-Bissau, Abuja-Conakry, Abuja-Freetown, Abuja-Monrovia, Abuja-Ouagad.. Niamey
40%
2 Apia-Port-Vila, Apia-Suva Nuku'alofa
40%
12 Bogota-Lima, Bogota-San Salvador, Caracas-Lima, Caracas-Managua, Caracas-San Jose, Caracas-San Salva.. Quito
40%
8 Gaborone-Luanda, Harare-Luanda, Luanda-Lusaka, Luanda-Maputo, Luanda-Maseru, Luanda-Mbabane, Luanda-.. Windhoek
40%
52 Abuja-Bujumbura, Abuja-Kampala, Abuja-Kigali, Abuja-Luanda, Abuja-Lusaka, Bangui-Libreville, Bangui-.. Kinshasa
35%
12 Bandar Seri Begawan-Bangkok, Bandar Seri Begawan-Jakarta, Bandar Seri Begawan-Naypyidaw, Bandar Seri.. Kuala Lumpur
35%
101 Ankara-Berlin, Ankara-Copenhagen, Ankara-Helsinki, Ankara-Oslo, Ankara-Prague, Ankara-Riga, Ankara-S.. Moscow
35%
16 Bangkok-Dhaka, Bangkok-Kathmandu, Bangkok-Thimphu, Dhaka-Hanoi, Dhaka-Kuala Lumpur, Dhaka-Phnom Penh.. Naypyidaw
35%
43 Abuja-Bangui, Abuja-Juba, Abuja-Khartoum, Accra-Bangui, Accra-Brazzaville, Accra-Juba, Accra-Khartou.. N'Djamena
35%
45 Abu Dhabi-Addis Ababa, Abu Dhabi-Asmara, Abu Dhabi-Djibouti, Abu Dhabi-Juba, Abu Dhabi-Khartoum, Abu.. Sana'a
35%
9 Bandar Seri Begawan-Bangkok, Bandar Seri Begawan-Jakarta, Bandar Seri Begawan-Kuala Lumpur, Bandar S.. Singapore
35%
57 Basseterre-Belmopan, Basseterre-Guatemala City, Basseterre-Havana, Basseterre-Managua, Basseterre-Pa.. Nassau
30%
20 Bishkek-Dhaka, Bishkek-Kathmandu, Bishkek-Muscat, Bishkek-Thimphu, Dhaka-Dushanbe, Dhaka-Islamabad, .. New Delhi
30%
18 Bamako-Praia, Bamako-Rabat, Banjul-Rabat, Bissau-Praia, Bissau-Rabat, Conakry-Praia, Conakry-Rabat, .. Nouakchott
30%
2 Buenos Aires-Sucre, Montevideo-Sucre Santiago
30%
6 Funafuti-Honiara, Funafuti-Majuro, Funafuti-Palikir, Funafuti-Yaren, Honiara-Majuro, Majuro-Yaren Tarawa
30%
2 Havana-Ottawa, Nassau-Ottawa Washington
30%
11 Funafuti-Honiara, Funafuti-Majuro, Funafuti-Palikir, Honiara-Majuro, Honiara-Palikir, Honiara-Tarawa.. Yaren
30%
3 Pyongyang-Ulaanbaatar, Seoul-Ulaanbaatar, Taipei-Ulaanbaatar Beijing
25%
16 Bamako-Nouakchott, Bamako-Praia, Banjul-Nouakchott, Banjul-Praia, Bissau-Nouakchott, Bissau-Praia, C.. Dakar
25%
12 Bangkok-Kathmandu, Bangkok-New Delhi, Bangkok-Thimphu, Hanoi-Kathmandu, Hanoi-New Delhi, Hanoi-Thimp.. Dhaka
25%
15 Basseterre-Bogota, Basseterre-Paramaribo, Bogota-Bridgetown, Bogota-Paramaribo, Bogota-Roseau, Bogot.. Georgetown
25%
16 Bangkok-Manila, Bangkok-Taipei, Bangkok-Thimphu, Dhaka-Manila, Dhaka-Phnom Penh, Dhaka-Taipei, Manil.. Hanoi
25%
19 Bangui-Lusaka, Bangui-Windhoek, Brazzaville-Lusaka, Brazzaville-Windhoek, Bujumbura-Libreville, Buju.. Luanda
25%
6 Gaborone-Maputo, Gaborone-Mbabane, Harare-Windhoek, Lilongwe-Windhoek, Maputo-Windhoek, Mbabane-Wind.. Maseru
25%
5 Funafuti-Honiara, Honiara-Nuku'alofa, Honiara-Suva, Nuku'alofa-Yaren, Suva-Yaren Port-Vila
25%
18 Algiers-Lisbon, Algiers-Nouakchott, Andorra la Vella-Nouakchott, Bern-Nouakchott, Lisbon-Nouakchott,.. Rabat
25%
7 Beijing-Hanoi, Beijing-Manila, Hanoi-Manila, Hanoi-Pyongyang, Hanoi-Seoul, Manila-Pyongyang, Manila-.. Taipei
25%
3 Antananarivo-Mogadishu, Mogadishu-Port Louis, Moroni-Port Louis Victoria
25%
20 Algiers-Dublin, Algiers-London, Amsterdam-Rabat, Andorra la Vella-Rabat, Bern-Rabat, Brussels-Rabat,.. Lisbon
20%
7 Palikir-Port Moresby, Palikir-Port-Vila, Port Moresby-Port-Vila, Port Moresby-Tarawa, Port Moresby-Y.. Honiara
15%
1 Funafuti-Nuku'alofa Apia
10%
9 Bandar Seri Begawan-Hanoi, Bandar Seri Begawan-Melekeok, Bandar Seri Begawan-Taipei, Hanoi-Melekeok,.. Manila
10%
4 Apia-Port-Vila, Funafuti-Nuku'alofa, Funafuti-Port-Vila, Nuku'alofa-Port-Vila Suva
10%
2 Bogota-Sucre, Quito-Sucre Lima
5%
2 Funafuti-Palikir, Palikir-Tarawa Majuro
5%
1 Asuncion-Santiago Montevideo
5%
2 Honiara-Majuro, Honiara-Tarawa Palikir
0%
1 Antananarivo-Victoria Port Louis
0%
No matching quizzes found
Score Distribution
Percent of People with Each Score
Percentile by Number Answered
Your Score History
You have not taken this quiz